Libélulas de Mesoamérica y el Caribe = Dragonflies and damselflies of Middle America and the Caribbean (Registro nro. 6705)
[ vista simple ]
| 000 -Cabecera | |
|---|---|
| Campo de control de longitud fija | 00807atm a2200301 4500 |
| 005 - Fecha y hora de la última transacción | |
| Campo de control | 20240729133441.0 |
| 008 - Elementos de longitud fija--Información general | |
| Campo de control de longitud fija | 150728b2005 cr ||||| |||| 00| 0 spa d |
| 020 ## - International Standard Book Number | |
| Número Internacional Estándar del Libro (ISBN) | 9968927139 |
| 041 ## - Idioma | |
| Código de idioma | Español |
| 041 ## - Idioma | |
| Código de idioma | Inglés |
| 082 ## - Clasificación Decimal Dewey | |
| Número de clasificación | 595.733 E77l |
| 100 ## - Entrada principal--Autor personal | |
| Nombre personal | Esquivel Herrera, Carlos |
| 9 (RLIN) | 38975 |
| 245 ## - Título propiamente dicho | |
| Título | Libélulas de Mesoamérica y el Caribe = Dragonflies and damselflies of Middle America and the Caribbean |
| 260 ## - Pie de imprenta | |
| Lugar de publicación, distribución, etc. | Costa Rica |
| 260 ## - Pie de imprenta | |
| Nombre del editor, distribuidor, etc. | INBio |
| 260 ## - Pie de imprenta | |
| Fecha de publicación, distribución, etc. | 2005 |
| 300 ## - Descripción física | |
| Extensión | 320 páginas |
| 500 ## - Nota general | |
| Nota general | IDIOMA ESPAÑOL E INGLÉS |
| 505 ## - Nota de contenido | |
| Nota de contenido | Incluye ilustraciones y fotografías |
| 650 ## - Materia general | |
| Temática (materia general) | LIBÉLULAS |
| 650 ## - Materia general | |
| Temática (materia general) | MESOAMÉRICA |
| 650 ## - Materia general | |
| Temática (materia general) | CARIBE |
| 650 ## - Materia general | |
| Temática (materia general) | CONSERVACIÓN |
| 650 ## - Materia general | |
| Temática (materia general) | BIODIVERSIDAD |
| 650 ## - Materia general | |
| Temática (materia general) | LARVAS |
| 650 ## - Materia general | |
| Temática (materia general) | ECOLOGÍA |
| 942 ## - Punto de acceso adicional KOHA | |
| Tipo de ítem KOHA | Libro |
| Fuente del sistema de clasificación o colocación | Dewey Decimal Classification |
| Signatura completa | Código de barras | Tipo de ítem |
|---|---|---|
| 595.733 E77l | 11874 | Libro |
| 595.733 E77l | 11954 | Libro |
| 595.733 E77l | 11955 | Libro |
| 595.733 E77l | 11956 | Libro |